住友の哲学 : 晩年の小倉正恒翁の思想と行動

Guardado en:
Detalles Bibliográficos
Autor principal: 菊地三郎(きくち さぶろう)
Formato: Libro
Lenguaje:Undetermined
Publicado: 東京 風間出版 1973
Materias:
Etiquetas: Agregar Etiqueta
Sin Etiquetas, Sea el primero en etiquetar este registro!
Thư viện lưu trữ: Trung tâm Học liệu Trường Đại học Cần Thơ
LEADER 00526nam a2200181Ia 4500
001 CTU_87552
008 210402s9999 xx 000 0 und d
082 |a 658.409 
082 |b K48 
100 |a 菊地三郎(きくち さぶろう) 
245 0 |a 住友の哲学 : 晩年の小倉正恒翁の思想と行動 
245 0 |c 菊地三郎 
260 |a 東京 
260 |b 風間出版 
260 |c 1973 
650 |a Success in Business 
904 |i Ngoc 
980 |a Trung tâm Học liệu Trường Đại học Cần Thơ